000 00550 a2200193 4500
001 61316
005 20260407155903.0
008 260407a1974 arg spa d
003 AR-UNSa-BCEJYS
040 _aAR-UNSa-BCEJYS
_bspa
_cAR-UNSa-BCEJYS
080 _a336.221
_xTributación
245 1 0 _aReforma tributaria
_pIntroducción a su estudio
264 1 _aBuenos Aires :
_bVíctor P. de Zavalía
_c1974
300 _a317 p.
_c23 cm.
041 _aspa
942 _cBK
590 _aniveau_biblio:m niveau_hierar:0
100 1 _aTarantino, Jacinto R.
999 _c7269
_d7269